| 000 | 00693nam a2200217 i 4500 | ||
|---|---|---|---|
| 001 | 76838 | ||
| 003 | ES-MaACL | ||
| 005 | 20250902174538.0 | ||
| 007 | t| | ||
| 008 | 041005s1970 sp |||| | spa d | ||
| 100 | 1 |
_aGullón, Ricardo, _d1908-1991 _960938 |
|
| 245 | 1 | 0 |
_aGarcía Márquez o el olvidado arte de contar / _cRicardo Gullón. |
| 260 |
_a[Madrid] : _bTaurus, _c[1970] |
||
| 300 |
_a71 p. ; _c18 cm. |
||
| 490 | 1 |
_aCuadernos Taurus ; _v93 |
|
| 600 | 1 | 4 |
_aGarcía Márquez, Gabriel, _d1927-2014- _xCrítica e interpretación _954890 |
| 830 | 0 |
_aCuadernos Taurus ; _v93 _9180748 |
|
| 852 |
_aES-MaACL _jC-48195 |
||
| 852 |
_aES-MaACL _jC-45352 |
||
| 999 |
_c76838 _d76838 |
||